| 000 | 00649nam a2200217Ia 4500 | ||
|---|---|---|---|
| 003 | IIN | ||
| 005 | 20250506110707.0 | ||
| 008 | 250506s2025 xx adc 001 0 eng d |||||||| |||| 00| 0 eng d | ||
| 020 |
_cRs.995.00 _a9789356968240 |
||
| 040 |
_aIIN _bEng |
||
| 082 |
_a610.72699 _bKUM |
||
| 100 | 1 | _aKumari, M.J. | |
| 245 | 2 |
_aAdult Health Nursing: _bMedical Surgical Nursing-II (Semester-IV) / _cM.J. Kumari |
|
| 250 | _a2nd ed. | ||
| 260 |
_aJaypee _bNew Delhi _c2025 |
||
| 300 |
_axxiii,524p./ vol.2 _bcol. ill. |
||
| 500 | _aIncludes Index | ||
| 650 | 1 |
_aMedical Surgical _vNursing |
|
| 650 | 1 | _aAdult Health Nursing | |
| 942 | _cBOOK | ||
| 999 |
_c1798 _d1798 |
||